<?xml version="1.0" encoding="UTF-8"?>
<record
    xmlns:xsi="http://www.w3.org/2001/XMLSchema-instance"
    xsi:schemaLocation="http://www.loc.gov/MARC21/slim http://www.loc.gov/standards/marcxml/schema/MARC21slim.xsd"
    xmlns="http://www.loc.gov/MARC21/slim">

  <leader>00624nam a22001937a 4500</leader>
  <controlfield tag="003">FranzMayer</controlfield>
  <controlfield tag="005">20250820115030.0</controlfield>
  <controlfield tag="008">250820b2025    |||oab|gr|||| 001 0 spa d</controlfield>
  <datafield tag="040" ind1=" " ind2=" ">
    <subfield code="a">BMFM</subfield>
    <subfield code="c">BMFM</subfield>
  </datafield>
  <datafield tag="050" ind1=" " ind2="4">
    <subfield code="a">BT 660 .G8</subfield>
    <subfield code="b">T36</subfield>
  </datafield>
  <datafield tag="110" ind1=" " ind2=" ">
    <subfield code="a">Museo Nacional del Prado</subfield>
    <subfield code="9">223</subfield>
  </datafield>
  <datafield tag="245" ind1=" " ind2=" ">
    <subfield code="a">Tan lejos, Tan cerca Guadalupe de M&#xE9;xico en Espa&#xF1;a /</subfield>
    <subfield code="c">Museo Nacional del Prado</subfield>
  </datafield>
  <datafield tag="300" ind1=" " ind2=" ">
    <subfield code="a">303 p&#xE1;ginas; </subfield>
    <subfield code="b">ilustraciones a color, </subfield>
    <subfield code="c">xxx cm</subfield>
  </datafield>
  <datafield tag="650" ind1=" " ind2=" ">
    <subfield code="a">Virgen de Guadalupe</subfield>
    <subfield code="x">Culto</subfield>
    <subfield code="z">Espa&#xF1;a</subfield>
    <subfield code="9">30029</subfield>
  </datafield>
  <datafield tag="700" ind1="1" ind2=" ">
    <subfield code="a">Cuadriello, Jaime </subfield>
    <subfield code="e">editor</subfield>
    <subfield code="9">4695</subfield>
  </datafield>
  <datafield tag="700" ind1="1" ind2=" ">
    <subfield code="a">Mues Orts, Paula</subfield>
    <subfield code="e">editor</subfield>
    <subfield code="9">22524</subfield>
  </datafield>
  <datafield tag="902" ind1=" " ind2=" ">
    <subfield code="a">KH</subfield>
  </datafield>
  <datafield tag="942" ind1=" " ind2=" ">
    <subfield code="2">lcc</subfield>
    <subfield code="c">B</subfield>
  </datafield>
  <datafield tag="999" ind1=" " ind2=" ">
    <subfield code="c">11086</subfield>
    <subfield code="d">11086</subfield>
  </datafield>
  <datafield tag="952" ind1=" " ind2=" ">
    <subfield code="0">0</subfield>
    <subfield code="1">0</subfield>
    <subfield code="2">lcc</subfield>
    <subfield code="4">0</subfield>
    <subfield code="7">0</subfield>
    <subfield code="8">FCON</subfield>
    <subfield code="a">BRCA</subfield>
    <subfield code="b">BRCA</subfield>
    <subfield code="d">2025-08-20</subfield>
    <subfield code="l">0</subfield>
    <subfield code="o">BT 660 .G8 T36</subfield>
    <subfield code="r">2025-08-20 12:50:07</subfield>
    <subfield code="w">2025-08-20</subfield>
    <subfield code="y">B</subfield>
  </datafield>
</record>
